LIBRARY & INFORMATION CENTRE, KCAET, TAVANUR

ONLINE PUBLIC ACCESS CATALOGUE (OPAC)

Sigmund Freud / (Record no. 4544)

MARC details
000 -LEADER
fixed length control field 00479cam a2200169ua 4500
041 ## - LANGUAGE CODE
Language code of text/sound track or separate title eng
082 ## - DEWEY DECIMAL CLASSIFICATION NUMBER
Classification number 154.22
Item number FRE/SI
100 ## - MAIN ENTRY--AUTHOR NAME
Personal name Freud, Sigmund .
245 ## - TITLE STATEMENT
Title Sigmund Freud /
260 ## - PUBLICATION, DISTRIBUTION, ETC. (IMPRINT)
Place of publication London :
Name of publisher The Hograth Press ,
Year of publication 1962.
300 ## - PHYSICAL DESCRIPTION
Number of Pages 67 ; .
490 0# - SERIES STATEMENT
Series statement International Psycho Analytical Library,
Volume number/sequential designation 12
942 ## - ADDED ENTRY ELEMENTS (KOHA)
Koha item type Books
Holdings
Withdrawn status Lost status Damaged status Home library Current library Date acquired Full call number Accession Number Koha item type Public note
Withdrawn   Damaged KAUAET Malayalam University 07/04/2012 154.22 6108 Books Transferred to Malayalam University
free website counter